Sahelin valtiot kartalla - Statistics

Yleistilastot
  • Tätä visaa on pelattu 27 kertaa
  • Keskiarvotulos 12 / 13
Vastaukset kartalla
Vastauksille on annettu kartalla punavihreä väri sen mukaan, kuinka moni on saanut sen oikein.
 
Vastaustilastot
Valtio % Oikein
Mali
100%
Mauritania
100%
Niger
100%
Senegal
100%
Algeria
95%
Gambia
95%
Nigeria
95%
Sudan
95%
Tšad
95%
Etelä-Sudan
90%
Burkina Faso
85%
Eritrea
85%
Kamerun
80%
Ehtoja vastaavia visoja ei löytynyt
Tulosjakauma
Jokaisen tuloksen saaneiden osuus
Persentiili vastausten määrän mukaan
Tuloshistoriasi
Et ole pelannut tätä visaa